<?xml version="1.0" encoding="UTF-8"?>
<record
    xmlns:xsi="http://www.w3.org/2001/XMLSchema-instance"
    xsi:schemaLocation="http://www.loc.gov/MARC21/slim http://www.loc.gov/standards/marcxml/schema/MARC21slim.xsd"
    xmlns="http://www.loc.gov/MARC21/slim">

  <leader>01843    a2200241   4500</leader>
  <controlfield tag="001">45036</controlfield>
  <controlfield tag="005">20260407155725.0</controlfield>
  <controlfield tag="008">260407a1993    arg                 spa d</controlfield>
  <controlfield tag="003">AR-UNSa-BCEJYS</controlfield>
  <datafield tag="040" ind1=" " ind2=" ">
    <subfield code="a">AR-UNSa-BCEJYS</subfield>
    <subfield code="b">spa</subfield>
    <subfield code="c">AR-UNSa-BCEJYS</subfield>
  </datafield>
  <datafield tag="080" ind1=" " ind2=" ">
    <subfield code="a">331.5</subfield>
    <subfield code="x">Mercado de Trabajo. Empleo</subfield>
  </datafield>
  <datafield tag="245" ind1="1" ind2="0">
    <subfield code="a">Poblaci&#xF3;n, fuerza de trabajo y empleo</subfield>
    <subfield code="p">conceptos, tendencias y aspectos de pol&#xED;tica</subfield>
  </datafield>
  <datafield tag="020" ind1=" " ind2=" ">
    <subfield code="a">92-2-308318-4</subfield>
  </datafield>
  <datafield tag="264" ind1=" " ind2="1">
    <subfield code="a">Ginebra :</subfield>
    <subfield code="b">OIT</subfield>
    <subfield code="c">1993</subfield>
  </datafield>
  <datafield tag="300" ind1=" " ind2=" ">
    <subfield code="a">vii, 116 p.</subfield>
    <subfield code="c">29 cm.</subfield>
  </datafield>
  <datafield tag="505" ind1=" " ind2=" ">
    <subfield code="a">I. Introducci&#xF3;n - - II. Tendencias globales del empleo y el crecimiento del trabajo : 1. Crecimiento de la Fuerza de Trabajo &#x2013; 2. Visi&#xF3;n Econ&#xF3;mica Global &#x2013; 3. Reto del Empleo en  los Pa&#xED;ses en Desarrollo - - III. Conceptos y aspectos de la medici&#xF3;n : 1. Conceptos de la Fuerza de Trabajo &#x2013; 2. Medici&#xF3;n de la Actividad Econ&#xF3;mica y Algunos Problemas &#x2013; 3. Subutilizaci&#xF3;n Laboral - - IV. Determinantes de la oferta laboral y del crecimiento de la fuerza del trabajo : 1. Introducci&#xF3;n &#x2013; 2. Fecundidad, Mortalidad y Estructura de Edad &#x2013; 3. Migraci&#xF3;n &#x2013; 4. Factores Econ&#xF3;micos, Sociales y Culturales - - V. Determinantes del empleo : 1. Introducci&#xF3;n &#x2013; 2. Naturaleza y Estructura del Empleo en Pa&#xED;ses en Desarrollo &#x2013; 3. Determinantes del Crecimiento de la Demanda Laboral &#x2013; 4. Determinantes del Crecimiento del Empleo en el Sector del Autoempleo - - VI. Aspectos de pol&#xED;tica y consideraciones para los pa&#xED;ses en desarrollo : 1. Causa de la Brecha y el Empleo &#x2013; 2. Consideraciones de la oferta &#x2013; 3. Desarrollo Orientado al Empleo - - VII. Conclusi&#xF3;n. </subfield>
  </datafield>
  <datafield tag="041" ind1=" " ind2=" ">
    <subfield code="a">spa</subfield>
  </datafield>
  <datafield tag="942" ind1=" " ind2=" ">
    <subfield code="c">BK</subfield>
  </datafield>
  <datafield tag="590" ind1=" " ind2=" ">
    <subfield code="a">niveau_biblio:m niveau_hierar:0</subfield>
  </datafield>
  <datafield tag="100" ind1="1" ind2=" ">
    <subfield code="a">Ofosu, Yaw</subfield>
  </datafield>
  <datafield tag="700" ind1="1" ind2=" ">
    <subfield code="a">Farooq, Ghazi M.</subfield>
  </datafield>
  <datafield tag="856" ind1="4" ind2="1">
    <subfield code="u">https://www.biblioeco.unsa.edu.ar/pmb/images/libros/L127060.jpg</subfield>
    <subfield code="y">Imagen de portada</subfield>
    <subfield code="q">image/jpeg</subfield>
  </datafield>
  <datafield tag="999" ind1=" " ind2=" ">
    <subfield code="c">3887</subfield>
    <subfield code="d">3887</subfield>
  </datafield>
  <datafield tag="952" ind1=" " ind2=" ">
    <subfield code="0">0</subfield>
    <subfield code="1">0</subfield>
    <subfield code="4">0</subfield>
    <subfield code="7">0</subfield>
    <subfield code="a">BCEJYS</subfield>
    <subfield code="b">BCEJYS</subfield>
    <subfield code="c">16</subfield>
    <subfield code="d">2026-04-07</subfield>
    <subfield code="l">0</subfield>
    <subfield code="o">331.5 F237</subfield>
    <subfield code="p">L127060</subfield>
    <subfield code="r">2026-04-07 15:57:25</subfield>
    <subfield code="w">2026-04-07</subfield>
    <subfield code="y">L</subfield>
  </datafield>
</record>
